000
00386nam a2200133Ia 4500
008
100328s9999 xx 000 0 und d
082
_b
4186
100
_a
वरेरकर भार्गवराम विठ्ठल
245
_a
गाव-गंगा
260
_b
नवभारत
630
_a
गाव-गंगा
730
_a
गाव-गंगा
942
_c
BOOK
999
_c
500266
_d
500263